Highest-Scoring Jetpunk Quiz #13 in 15 Seconds - Statistics

General Stats
  • This quiz has been taken 16 times
  • The average score is 5 of 7
Answer Stats
country % Correct
Chile
100%
Peru
92%
Argentina
83%
Bolivia
83%
Colombia
67%
Ecuador
67%
Venezuela
42%
No matching quizzes found
Score Distribution
Percent of People with Each Score
Percentile by Number Answered
Your Score History
You have not taken this quiz